000 00904nam a2200289Ia 4500
003 OSt
005 20220912151545.0
006 a|||||r|||| 00| 0
007 ta
008 220909b |||||||| |||| 00| 0 eng d
024 _a27730
037 _cTextual
040 _aCSL
_beng
_cCSL
041 _aeng
082 _aB2811p1,N82, M6
100 _aChristopeit N Ed.
111 _aBad honnhh conference on stochastic differential systems (3 : 1985 : West Germany)
245 0 _aProceeding on Stochastic differential systems
260 _aBerlin
_bSpringer-verlag
_c1986
300 _a372p.
_ccm.
490 _aLecture notes in control and information sciences; 78
650 _aStochastic
700 _a Halmes K Ed.
700 _a Kohlmann M Ed.
942 _hB2811p1,N82, M6
_cTEXL
_2CC
999 _c71259
_d71259